| 000 | 00824nam a22002177a 4500 | ||
|---|---|---|---|
| 999 |
_c10010 _d10010 |
||
| 003 | AR-CdUCM | ||
| 008 | 190329b ||||| |||| 00| 0 spa d | ||
| 040 |
_aMUNICIPALIDAD PROVINCIAL DEL CUSCO _cBIBLIOTECA MUNICIPAL DEL CUSCO |
||
| 082 |
_a918.5059 / _bAN62 / 1962 |
||
| 110 |
_aSociedad Geográfica de Lima. _920591 |
||
| 245 |
_aAnuario geográfico del Perú : _b1962 / |
||
| 260 |
_aLima : _bSociedad Geográfica de Lima, _c1962. |
||
| 300 |
_a220 paginas ; _bilustraciones, mapas, _c25 cm. |
||
| 505 | _aContenido: Fronteras del peru -- poblacion y densidad -- coordenadas geograficas -- faros y luces del litoral peruano -- area de las islas peruanas... | ||
| 650 |
_aGeorgrafia _926608 |
||
| 650 |
_aPeru _9429 |
||
| 650 |
_aAnuarios _918497 |
||
| 650 |
_aLiteratura _983 |
||
| 942 |
_2ddc _cLIBROS |
||
| 945 | _apjha | ||